COLONIALISM, TRADITIONS & REFORMS (Record no. 27736)

MARC details
000 -LEADER
fixed length control field 00296nam a22001337a 4500
003 - CONTROL NUMBER IDENTIFIER
control field SGT
082 ## - DEWEY DECIMAL CLASSIFICATION NUMBER
Classification number 954.03
Item number C89P
100 ## - MAIN ENTRY--PERSONAL NAME
Personal name PAREKH, BHIKHU
245 ## - TITLE STATEMENT
Title COLONIALISM, TRADITIONS & REFORMS
260 ## - PUBLICATION, DISTRIBUTION, ETC. (IMPRINT)
Name of publisher, distributor, etc SAGE PUBLICATIONS
Year of Publication 1989
300 ## - PAGE DESCRIPTION
No. of Pages 288
650 ## - SUBJECT ADDED ENTRY--TOPICAL TERM
Topical term or geographic name as entry element INDIAN HISTORY
942 ## - ADDED ENTRY ELEMENTS (KOHA)
Source of classification or shelving scheme Dewey Decimal Classification
Koha item type Books
Holdings
Withdrawn status Lost status Source of classification or shelving scheme Damaged status Not for loan Home library Current library Shelving location Date acquired SGTU Total Checkouts Full call number Accession No. (Barcode) Date last seen Bill Date Koha item type
    Dewey Decimal Classification   Not For Loan SGT Chancellor's Library SGT Chancellor's Library Reference Book 23/11/2024 SGTU   954.03 C89P CH792 23/11/2024 23/11/2024 Books